Lokomotywy NEWAG Dragon - Statystyki

Ogólne statystyki
  • Ten quiz został rozwiązany 35 razy
    34 od ostatniego zresetowania
  • Średni wynik to 6 z 10
Statystyki odpowiedzi
Hint Odpowiedź % Poprawnych
Dragon 1 E6ACT
96%
[PKP Cargo] Dragon 2 z silnikiem dojazdowym ET26
82%
Dragon 2 E6ACTa
79%
[PKP Cargo] Dragon 2 ET25
79%
[PKP Cargo] Dragon 2 wielosystemowy ET43
68%
Dragon 2 z silnikiem dojazdowym E6ACTad
64%
Dragon 2 z ETCS E6ACTab
57%
Dragon 1 z silnikiem dojazdowym E6ACTd
54%
Dragon 2 z silnikiem dojazdowym i ETCS E6ACTadb
50%
Dragon 2 wielosystemowy E6MST
18%
Nie znaleziono quizów pasujących do podanych kryteriów
Rozkład punktacji
Procent ludzi z każdym wynikiem
Percentyl według liczby udzielonych odpowiedzi
Twoja historia wyników
Nie rozwiązałeś tego quizu od ostatniego zresetowania